| 000 | 00550nam a2200205 a 4500 | ||
|---|---|---|---|
| 001 | 0191 | ||
| 005 | 20140414131907.0 | ||
| 008 | 040819s19uu xx 00 eng d | ||
| 020 | _a0-439-36711-5 | ||
| 050 |
_aM 793.7 _bW37 2001 |
||
| 100 | _aWessel, Craig | ||
| 245 |
_aWarioland, 4 : _bwinning strategies and tips inside / _cby Craig Wessel. |
||
| 260 |
_aNew York : _bScholastic, _c2001. |
||
| 300 | _a74 p. : ill. ; cm. | ||
| 440 | _aGameboy Advance | ||
| 526 | _aGrade 2 | ||
| 650 | _aFiction. | ||
| 650 | _aAdventures. | ||
| 999 |
_c110996 _d110996 |
||